| 000 | 00819cam a2200241 a 4500 | ||
|---|---|---|---|
| 005 | 20160826145442.0 | ||
| 008 | 160826s1994 mx a fr 0 spa d | ||
| 020 | _a9706250794 | ||
| 035 | _a(Sirsi) 142878 | ||
| 040 |
_aCO-BoUCM _bspa _cSandra Palacio _dSandra Palacio |
||
| 041 | 1 | _aspa | |
| 100 | 1 |
_aRouillard, Larrie _979243 |
|
| 245 | 1 | 0 |
_aComo establecer y alcanzar metas y objetivos _cLarrie A. Rouillard |
| 260 |
_aMéxico D.F. (México) _bIberoamérica _c1994 |
||
| 300 | _a83 páginas | ||
| 650 | 1 | 7 |
_aAdministración por objetivos _98608 |
| 650 | 2 | 7 |
_aÉxito en los negocios _915417 |
| 650 | 7 |
_aÉxito _915413 _xMotivación |
|
| 690 | 0 |
_aAdministración de empresas _9435 |
|
| 765 | 1 | _tGoals and goal setting | |
| 942 |
_2DEWEY _cLIBRO _a16 _e1 _h658.4 _mR857ea |
||
| 999 |
_c304204 _d304204 |
||